000 00363cam a22001217a 4500
008 180718b-- xxu||||| |||| 00| 0 eng d
082 _aA45:Z13 IARI
100 _aIndian Agricultural Research Institute
245 _aAnnual report
260 _aNew Delhi
_bThe author
_c--
500 _aLibrary has 2010/11-2011/12, 2015-16
650 _aAgricutural - Research - India
999 _c501862
_d501862